[Event "Challenge"]
[Site "http://www.queenalice.com/game.php?id=745454"]
[Date "2010.3.13"]
[Round "-"]
[White "JCOELHO"]
[Black "ANCassiao"]
[Result "0-1"]
[WhiteElo "1987"]
[BlackElo "1942"]

1. e4 e5 2. Nf3 Qe7 3. Nc3 c6 4. Bc4 h6 5. d4 d6 6. d5 Nf6 7. O-O g6 8. a4 Bg7
9. b4 O-O 10. b5 c5 11. a5 Bg4 12. h3 Bxf3 13. Qxf3 Nbd7 14. a6 b6 15. g4 Nh7
16. Qg3 Kh8 17. Bb2 f5 18. gxf5 gxf5 19. Kh1 f4 20. Qg4 Rf6 21. f3 Rg6 22. Qxg6
Rg8 23. Qh5 Ng5 24. Na4 Nf6 25. Qh4 Qd7 26. Nxb6 axb6 27. a7 Ra8 28. Rg1 Nxf3
29. Qf2 Qxh3+ 30. Qh2 Qxh2# 0-1

[Event "Challenge"]
[Site "http://www.queenalice.com/game.php?id=745456"]
[Date "2010.3.13"]
[Round "-"]
[White "ANCassiao"]
[Black "JCOELHO"]
[Result "1-0"]
[WhiteElo "2007"]
[BlackElo "2010"]

1. c4 d5 2. cxd5 Qxd5 3. Nf3 Nf6 4. g3 Nc6 5. Bg2 e5 6. Nc3 Qd8 7. d3 Bb4 8. O-O
O-O 9. Qb3 a5 10. a3 Bc5 11. Bg5 Be6 12. Qc2 Nd4 13. Nxd4 exd4 14. Ne4 Be7 15.
Nxf6+ Bxf6 16. Bxf6 Qxf6 17. Bxb7 Rab8 18. Qxc7 Bh3 19. Rfe1 h5 20. Rab1 a4 21.
Bg2 Rbc8 22. Qb7 Be6 23. Rec1 Rb8 24. Qa6 Ba2 25. Qxa4 Bxb1 26. Rxb1 h4 27. b4
hxg3 28. hxg3 g5 29. b5 Qe6 30. Qxd4 Qxe2 31. Qe3 Qh5 32. a4 Kg7 33. a5 Rh8 34.
a6 Rbe8 35. Qf3 g4 36. Qd5 Qh2+ 37. Kf1 Rd8 38. Qe5+ f6 39. Qe7+ Kg6 40. Be4+ f5
41. Qe6+ Kg7 42. Qxf5 Rd6 43. Qxg4+ Kf8 44. Qc8+ Ke7 45. Qc7+ Rd7 46. Qe5+ Kd8
47. Qf6+ Re7 48. Rc1 Qh6 49. Qxh6 Rxh6 50. Bb7 Reh7 51. Rc8+ Kd7 52. a7 Kd6 53.
a8=Q Rd7 54. Rc6+ Ke5 55. Qe8+ 1-0

[Event "Challenge"]
[Site "http://www.queenalice.com/game.php?id=756234"]
[Date "2010.4.4"]
[Round "-"]
[White "khran"]
[Black "ANCassiao"]
[Result "1-0"]
[WhiteElo "1926"]
[BlackElo "2035"]

1. d4 Nf6 2. Nf3 g6 3. c4 c5 4. d5 b5 5. b3 bxc4 6. bxc4 Bg7 7. Nc3 Ne4 8. Nxe4
Bxa1 9. Qb3 Bg7 10. Bd2 d6 11. e3 O-O 12. Be2 Nd7 13. O-O Qb6 14. Qa4 a5 15. Qb5
Qxb5 16. cxb5 Nb6 17. Nc3 Bxc3 18. Bxc3 Nxd5 19. Bb2 a4 20. Bc4 Nb6 21. Be2 a3
22. Bc3 Be6 23. Ra1 Rfb8 24. Ng5 Na4 25. Bd2 Bd7 26. Bf3 Ra7 27. Bc6 Bxc6 28.
bxc6 Rc7 29. Kf1 Rxc6 30. Ne4 Rcb6 31. Ke2 Rb1 32. Rxb1 1-0

[Event "Challenge"]
[Site "http://www.queenalice.com/game.php?id=768517"]
[Date "2010.4.30"]
[Round "-"]
[White "ANCassiao"]
[Black "Samelo"]
[Result "1-0"]
[WhiteElo "2034"]
[BlackElo "1654"]

1. d4 Nf6 2. c4 e6 3. Nc3 Bb4 4. Qb3 Bxc3+ 5. Qxc3 Ne4 6. Qc2 f5 7. Nf3 O-O 8.
e3 b6 9. Bd3 Bb7 10. O-O d5 11. Ne5 Nd7 12. Nxd7 Qxd7 13. f3 Nf6 14. Bd2 Rac8
15. c5 bxc5 16. dxc5 c6 17. Bc3 Qe7 18. Be5 Nd7 19. Bd6 Qg5 20. f4 Qf6 21. Bxf8
Kxf8 22. b4 a6 23. a4 d4 24. e4 fxe4 25. Bxe4 g6 26. Rad1 Kg8 27. Qc4 Kg7 28.
Qxd4 1-0

[Event "Challenge"]
[Site "http://www.queenalice.com/game.php?id=776805"]
[Date "2010.5.17"]
[Round "-"]
[White "eddval"]
[Black "ANCassiao"]
[Result "1-0"]
[WhiteElo "2089"]
[BlackElo "1944"]

1. e4 c5 2. c4 Nc6 3. Ne2 g6 4. d4 cxd4 5. Nxd4 Bg7 6. Be3 d6 7. Nc3 Nf6 8. Be2
O-O 9. O-O a6 10. Rc1 Bd7 11. Qd2 Nxd4 12. Bxd4 Rc8 13. Rfd1 Bc6 14. Qe3 Nd7 15.
Bxg7 Kxg7 16. b4 b6 17. f4 Qe8 18. Nd5 Bxd5 19. cxd5 b5 20. Rc6 Nb8 21. Qc3+ f6
22. Rc7 Rxc7 23. Qxc7 Qd7 24. Rc1 Rd8 25. Qxd7 Rxd7 26. Rc8 Rb7 27. Bg4 a5 28.
bxa5 1-0

[Event "AUTO-MASTER-1130"]
[Site "http://www.queenalice.com/game.php?id=782617"]
[Date "2010.5.29"]
[Round "1"]
[White "paulogaspar"]
[Black "ANCassiao"]
[Result "1-0"]
[WhiteElo "2092"]
[BlackElo "2005"]

1. d4 Nf6 2. Nc3 g6 3. e4 d6 4. Nf3 Bg7 5. e5 dxe5 6. dxe5 Qxd1+ 7. Nxd1 Ng4 8.
Bf4 O-O 9. h3 Nh6 10. Bd3 Bf5 11. g4 Bxd3 12. cxd3 e6 13. Nc3 Rd8 14. O-O-O a6
15. Ne4 Nd7 16. d4 1-0

[Event "AUTO-MASTER-1130"]
[Site "http://www.queenalice.com/game.php?id=782618"]
[Date "2010.5.29"]
[Round "1"]
[White "ANCassiao"]
[Black "paulogaspar"]
[Result "0-1"]
[WhiteElo "1956"]
[BlackElo "2104"]

1. d4 d5 2. c4 dxc4 3. e3 c5 4. Bxc4 cxd4 5. Nf3 dxe3 6. Qxd8+ Kxd8 7. Bxe3 e6
8. Nc3 a6 9. Ne5 Ke8 10. Rd1 Nf6 11. Bb6 Be7 12. O-O Nbd7 13. Bc7 Nxe5 14. Bxe5
Bd7 15. h3 Rc8 16. Bb3 Bc6 0-1

[Event "AUTO-MASTER-1130"]
[Site "http://www.queenalice.com/game.php?id=782625"]
[Date "2010.5.29"]
[Round "1"]
[White "trompmaster"]
[Black "ANCassiao"]
[Result "1-0"]
[WhiteElo "2063"]
[BlackElo "1988"]

1. Nf3 Nf6 2. d3 g6 3. e4 d6 4. Be2 Bg7 5. O-O O-O 6. Nbd2 e5 7. Re1 c6 8. Bf1
Nbd7 9. c3 h6 10. Qc2 Nc5 11. b4 Ne6 12. g3 Nh5 13. Nc4 Qc7 14. Ne3 f5 15. Nh4
f4 16. Nd1 fxg3 17. hxg3 Kh7 18. Be3 Qe7 19. Ng2 Ng5 20. Be2 Nh3+ 21. Kh2 Ng5
22. Rh1 1-0

[Event "AUTO-MASTER-1130"]
[Site "http://www.queenalice.com/game.php?id=782626"]
[Date "2010.5.29"]
[Round "1"]
[White "ANCassiao"]
[Black "trompmaster"]
[Result "0-1"]
[WhiteElo "1971"]
[BlackElo "2076"]

1. d4 d6 2. g3 Nf6 3. Bg2 Nbd7 4. e4 e5 5. c3 Be7 6. Ne2 O-O 7. O-O c6 8. Nd2
Re8 9. Qc2 Bf8 10. Nc4 Qc7 11. dxe5 dxe5 12. h3 b5 13. Ne3 g6 14. b3 Bh6 15. Nd1
Bg7 16. Ne3 Nf8 17. Ba3 Ne6 18. Rad1 Bf8 19. Bxf8 Rxf8 20. c4 Ba6 21. c5 Rfd8
0-1

[Event "Challenge"]
[Site "http://www.queenalice.com/game.php?id=785225"]
[Date "2010.6.3"]
[Round "-"]
[White "ANCassiao"]
[Black "Larbac"]
[Result "1-0"]
[WhiteElo "1932"]
[BlackElo "2036"]

1. d4 Nf6 2. c4 g6 3. Nc3 Bg7 4. e4 d6 5. f3 Nc6 6. Be3 b6 7. Qd2 Ba6 8. Bd3 Nd7
9. Nge2 Na5 10. b3 c6 11. O-O h5 12. Rac1 e6 13. f4 Nf6 14. e5 Ng4 15. Ne4 Bf8
16. h3 d5 17. hxg4 dxe4 18. Bxe4 hxg4 19. b4 Nxc4 20. Rxc4 Bxc4 21. Bxc6+ Ke7
22. f5 gxf5 23. Bg5+ 1-0

[Event "Challenge"]
[Site "http://www.queenalice.com/game.php?id=795140"]
[Date "2010.6.26"]
[Round "-"]
[White "bienopia"]
[Black "ANCassiao"]
[Result "1-0"]
[WhiteElo "1870"]
[BlackElo "2003"]

1. d4 Nf6 2. f4 g6 3. Nc3 Bg7 4. e4 d6 5. Be3 O-O 6. Bd3 Ng4 7. Qf3 Nxe3 8. Qxe3
Nc6 9. Nf3 Bg4 10. h3 Bxf3 11. gxf3 Nxd4 12. O-O-O c5 13. e5 a6 14. Ne2 Nxe2+
15. Bxe2 Qc7 16. Rd5 dxe5 17. fxe5 b6 18. f4 e6 19. Rd6 Rfd8 20. Rhd1 Rxd6 21.
Rxd6 Bf8 22. Bf3 Rd8 23. Rc6 Qb8 24. Qb3 b5 25. Rxa6 c4 26. Qc3 Qc7 27. Bc6 Bh6
28. Qf3 Qxe5 29. a3 Bxf4+ 30. Kb1 Qe1+ 31. Ka2 Rd1 32. Ra8+ Kg7 33. Qc3+ Qxc3
34. bxc3 Be5 35. Bxb5 Bxc3 36. Bxc4 Rh1 37. Kb3 Rxh3 38. Bd3 Be1 39. a4 Rxd3+
40. cxd3 h5 41. a5 Bxa5 42. Rxa5 h4 43. Kc3 Kf6 44. Kd2 g5 45. Ke3 Kg6 46. Kf3
f5 47. Ra8 Kf6 48. Rh8 Ke5 49. Ra8 g4+ 50. Kg2 Kf4 51. Rh8 h3+ 52. Kh2 Kf3 53.
Re8 Ke3 54. Rxe6+ Kxd3 55. Kg3 h2 56. Kxh2 f4 57. Kg2 1-0

[Event "Challenge"]
[Site "http://www.queenalice.com/game.php?id=795141"]
[Date "2010.6.26"]
[Round "-"]
[White "ANCassiao"]
[Black "bienopia"]
[Result "1-0"]
[WhiteElo "1986"]
[BlackElo "1825"]

1. d4 h6 2. c4 c6 3. Nc3 d5 4. Nf3 Bf5 5. Bf4 e6 6. e3 Bb4 7. Bd3 Bxd3 8. Qxd3
Nd7 9. O-O Ngf6 10. a3 Bxc3 11. Qxc3 Ne4 12. Qc2 f5 13. Ne5 g5 14. Nxd7 gxf4 15.
Nc5 Nxc5 16. dxc5 f3 17. g3 Qg5 18. Kh1 O-O-O 19. cxd5 exd5 20. b4 h5 21. h4 Qg4
22. Kh2 d4 23. Qc4 Rhe8 24. exd4 Rxd4 25. Qf7 Rde4 26. Rad1 R4e7 27. Qf6 Re2 28.
b5 Rg8 29. Qd6 Qg7 30. bxc6 b6 31. cxb6 axb6 32. Rd3 f4 33. Qxf4 Rf8 34. Qd4
Qxd4 35. Rxd4 Kc7 36. Rc4 Rf6 37. Kh3 Ra2 38. a4 Rxc6 39. Rf4 Rc3 40. g4 hxg4+
41. Kxg4 Rca3 42. h5 Rxa4 43. h6 Ra8 44. Rf7+ Kc6 45. Kxf3 Rh8 46. Rh1 b5 47. h7
b4 48. Rg7 Raa8 49. Rh6+ Kb5 50. Rb7+ Ka4 51. Rh4 Raf8+ 52. Kg2 Ka3 53. Rbxb4
Rf7 54. Rbe4 Rfxh7 55. Rxh7 Rxh7 56. f4 Kb3 57. Kg3 Kc3 58. f5 Kd3 59. Re8 Kd4
60. Kg4 Kd5 61. f6 Kd6 62. Kg5 Kd7 63. Re4 Rf7 64. Kg6 Rf8 65. Kg7 Ra8 66. f7
1-0

[Event "Challenge"]
[Site "http://www.queenalice.com/game.php?id=795146"]
[Date "2010.6.26"]
[Round "-"]
[White "ANCassiao"]
[Black "bienopia"]
[Result "1-0"]
[WhiteElo "1992"]
[BlackElo "1865"]

1. d4 h6 2. c4 c6 3. Nc3 a6 4. e4 e6 5. f4 d5 6. cxd5 cxd5 7. e5 Nc6 8. Nf3 Bb4
9. Bd3 Nge7 10. O-O b5 11. a4 Bb7 12. axb5 axb5 13. Rxa8 Qxa8 14. Nxb5 O-O 15.
Bd2 Qa5 16. Bxb4 Nxb4 17. Nd6 Bc6 18. Bb1 f5 19. Qc1 Ng6 20. Qc5 Qa4 21. Nd2 Rb8
22. Nxf5 exf5 23. Bxf5 Be8 24. Qd6 Qc6 25. Qxb8 Na6 26. Qc8 Qb5 27. Bxg6 Nc7 28.
Bxe8 Nxe8 29. Qc5 Qb7 30. b4 Nc7 31. Nb3 Ne6 32. Qd6 Nf8 33. Nc5 Qxb4 34. Qxd5+
Kh7 35. f5 Qd2 36. Qe4 Qc3 37. f6+ Ng6 38. fxg7 Kxg7 39. Ne6+ Kh7 40. Rf7+ Kh8
41. Qxg6 Qe3+ 42. Rf2 Qe1+ 43. Rf1 Qe3+ 44. Kh1 1-0

[Event "Challenge"]
[Site "http://www.queenalice.com/game.php?id=795155"]
[Date "2010.6.26"]
[Round "-"]
[White "ANCassiao"]
[Black "bienopia"]
[Result "1-0"]
[WhiteElo "1997"]
[BlackElo "1834"]

1. c4 h6 2. d4 c6 3. Nc3 d5 4. Nf3 e6 5. Bf4 Bd6 6. Bxd6 Qxd6 7. e3 Nf6 8. Bd3
a6 9. O-O b6 10. e4 Qf4 11. Ne2 Qc7 12. exd5 cxd5 13. Rc1 Qb7 14. Ng3 Nbd7 15.
cxd5 Qxd5 16. Bc4 Qd6 17. Qb3 b5 18. Bd3 Bb7 19. Rfe1 Bxf3 20. gxf3 Qxd4 21.
Rcd1 Qf4 22. Be4 Ra7 23. Qb4 Rc7 24. Rd4 e5 25. Ba8 Qg5 26. f4 Qg6 27. fxe5 Nh5
28. Rg4 Rc4 29. Rxc4 bxc4 30. Be4 Qg4 31. Bf5 Qg5 32. Qa4 O-O 33. Bxd7 Rd8 34.
e6 fxe6 35. Bxe6+ Kh8 36. Qxc4 Rf8 37. Qd5 Qxd5 38. Bxd5 Nf4 39. Bg2 Nd3 40. Re2
Nc1 41. Re6 Nxa2 42. Rxa6 Nb4 43. Ra8 Kg8 44. Rxf8+ Kxf8 45. Ne4 Ke7 46. Kf1 g5
47. Ke2 g4 48. Kd2 Ke6 49. Kc3 Nd5+ 50. Kc4 Nf4 51. Bh1 Ke5 52. b4 Ke6 53. Kc5
Nd3+ 54. Kc4 Ne5+ 55. Kb5 h5 56. Ka6 Kd5 57. b5 Nf3 58. Bxf3 gxf3 59. Nf6+ Kd4
60. Nxh5 1-0

[Event "Challenge"]
[Site "http://www.queenalice.com/game.php?id=795549"]
[Date "2010.6.27"]
[Round "-"]
[White "Nyvang"]
[Black "ANCassiao"]
[Result "0-1"]
[WhiteElo "1807"]
[BlackElo "1983"]

1. d4 Nf6 2. Nc3 g6 3. e4 d6 4. d5 Bg7 5. h3 O-O 6. Bc4 c6 7. Nf3 b5 8. Bb3 b4
9. Ne2 Nxe4 10. O-O c5 11. a3 Nd7 12. axb4 cxb4 13. Nfd4 Bb7 14. Nf4 Ndc5 15. c3
bxc3 16. bxc3 Nxc3 17. Nfe6 fxe6 18. Qg4 Bxd4 19. Bh6 Nxb3 20. Qxe6+ Rf7 21. Ra3
Bxd5 22. Qg4 Qb6 23. Kh1 Rxf2 24. Rxf2 Bxf2 25. Qg5 Qe3 26. Qxe3 Bxe3 27. Bxe3
a5 28. Kg1 a4 29. Bg5 Nb5 30. Ra2 a3 31. Bxe7 Re8 32. Bf6 Re3 33. Rf2 Nc1 34.
Bg5 Re1+ 35. Kh2 a2 36. Bf6 Re5 37. Bxe5 dxe5 38. Rxa2 Nxa2 39. g4 Nac3 40. g5
Nd4 41. Kg3 Kf7 42. h4 Ke6 43. Kg4 Nf5 44. h5 Ne4 45. Kh3 Nxg5+ 46. Kh2 Bf3 47.
hxg6 hxg6 48. Kg1 e4 49. Kf2 e3+ 50. Ke1 Ne4 51. Kf1 Nd4 52. Ke1 Nc2+ 53. Kf1
e2+ 54. Kg1 Ne3 55. Kh2 Kf5 56. Kh3 g5 57. Kh2 g4 58. Kg1 Kf4 59. Kh2 e1=B 60.
Kg1 Bf2+ 61. Kh2 Nf1# 0-1

[Event "Challenge"]
[Site "http://www.queenalice.com/game.php?id=797333"]
[Date "2010.7.1"]
[Round "-"]
[White "ANCassiao"]
[Black "Nyvang"]
[Result "1-0"]
[WhiteElo "1973"]
[BlackElo "1814"]

1. d4 g6 2. c4 Bg7 3. Nc3 e5 4. dxe5 Bxe5 5. Nf3 Bxc3+ 6. bxc3 Qf6 7. Bb2 c5 8.
e4 d6 9. Be2 Ne7 10. O-O O-O 11. Qd2 Bg4 12. Rad1 Nc8 13. Nd4 Bxe2 14. Nxe2 Nb6
15. Qxd6 N8d7 16. Qxf6 Nxf6 17. f3 Nxc4 18. Bc1 b5 19. Nf4 a5 20. Nd5 Ne8 21.
Ne7+ Kh8 22. Rd7 Nf6 23. Rc7 Rfe8 24. Rd1 Rad8 25. Rxd8 Rxd8 26. Bg5 Rd1+ 27.
Kf2 Kg7 28. Rxc5 Na3 29. Rc8 Ra1 30. e5 Rxa2+ 31. Kf1 Ra1+ 32. Ke2 Ra2+ 33. Kd3
h6 34. Bxf6+ 1-0

[Event "Challenge"]
[Site "http://www.queenalice.com/game.php?id=808448"]
[Date "2010.7.25"]
[Round "-"]
[White "ONIT91"]
[Black "ANCassiao"]
[Result "1-0"]
[WhiteElo "1863"]
[BlackElo "2003"]

1. c4 Nf6 2. Nc3 g6 3. e3 Bg7 4. Nge2 c5 5. g3 O-O 6. Bg2 Nc6 7. O-O d6 8. a3
Bd7 9. d4 a6 10. d5 Nb8 11. Bd2 b5 12. b3 bxc4 13. bxc4 Qc8 14. Rb1 Bh3 15. Na4
Bxg2 16. Kxg2 Nbd7 17. f4 Qc7 18. Nac3 Nb6 19. Na4 Nxc4 20. Qc1 Nxd2 21. Qxd2
Rfb8 22. h3 Rb5 23. Rxb5 axb5 24. Nac3 Rb8 25. Qd3 b4 26. axb4 cxb4 27. Nb5 Qc5
28. Nbd4 Nxd5 29. Rc1 Qb6 30. Nc6 Nxe3+ 31. Kf3 Nf5 32. Nxb8 Qxb8 33. Qc4 Qb7+
34. Qc6 Qxc6+ 35. Rxc6 Nd4+ 36. Nxd4 Bxd4 37. Ke4 Bc5 38. Kd3 Kg7 39. Rc7 Kf6
40. g4 Ke6 41. h4 d5 42. Rxc5 1-0

[Event "Rock´n´Roll"]
[Site "http://www.queenalice.com/game.php?id=808932"]
[Date "2010.7.26"]
[Round "-"]
[White "bobifixer"]
[Black "ANCassiao"]
[Result "0-1"]
[WhiteElo "1969"]
[BlackElo "1982"]

1. d4 Nf6 2. Nf3 g6 3. c4 Bg7 4. g3 O-O 5. Bg2 d6 6. Nc3 c5 7. O-O cxd4 8. Nxd4
a6 9. Nd5 e6 10. Nxf6+ Bxf6 11. e4 Qc7 12. b3 Bd7 13. Rb1 Nc6 14. Nxc6 Bxc6 15.
Be3 Rad8 16. Qg4 Bg7 17. h4 b5 18. cxb5 Bxb5 19. Rbc1 Qa5 20. Rfd1 Qxa2 21. b4
Ba4 22. Rd2 Qa3 23. Rf1 Qxb4 24. h5 Bb5 25. Rfd1 a5 26. hxg6 hxg6 27. Bd4 e5 28.
Bb6 Bd7 0-1